| 000 | 00782cab a2200217 4500 | ||
|---|---|---|---|
| 001 | WB2306-21 | ||
| 008 | 090401t1987 xxu||||| |||| 00| 0 eng d | ||
| 035 | _a(Sirsi) u7530 | ||
| 041 | _aeng | ||
| 245 | _aArbitrator`s decision wrong | ||
| 260 | _c1987 | ||
| 350 | _a0 | ||
| 490 |
_aChartered Surveyor Weekly _v18(5) 5/2/87 p57 |
||
| 520 | _aIn Cornwall Coast Country Club v Cardgrange Ltd ChD 4 February 1987 it was held that an arbitrator `s decision on the use of the profits method of valuation in a rent review was wrong. | ||
| 650 | _aMANAGEMENT-DISPUTE AVOIDANCE, MANAGEMENT AND RESOLUTION-DISPUTE MANAGEMENT AND RESOLUTION-ARBITRATION | ||
| 650 | _aCASINO | ||
| 650 | _aRENT REVIEWS | ||
| 690 | _aLANDLORD AND TENANT-CASE LAW | ||
| 942 | _n0 | ||
| 948 | _c04/03/1997 | ||
| 999 |
_c4562 _d4562 |
||